El hombre duplicado /

Salvato in:
Dettagli Bibliografici
Autore principale: Saramago, José (autor)
Altri autori: Río, Pilar del (traducción) (traducción)
Natura: Libro
Lingua:spagnolo
Pubblicazione: México : Alfaguara, 2002, c2002
Serie:(Biblioteca José Saramago)
Soggetti:
Tags: Aggiungi Tag
Nessun Tag, puoi essere il primo ad aggiungerne!!

MARC

LEADER 00000nam^a2200000^a^4500
001 000146714
005 20250521000000.0
009 20260310095922.464
020 |a 968-19-1199-7 
037 |a Acervo ITESO - Biblioteca 
041 |a ESP 
082 |a 869.  |b SAR 
100 |a Saramago, José  |e (autor) 
240 1 4 |a [El hombre duplicado] 
245 1 3 |a El hombre duplicado /  |c J. Saramago ; tr. por P. del Río. 
264 4 |a México :  |b Alfaguara,  |c 2002, c2002 
300 |a 407 p. 
336 |a texto  |b txt  |2 rdacontenido 
337 |a sin mediación  |b n  |2 rdamedio 
338 |a volumen  |b nc  |2 rdasoporte 
440 1 |a (Biblioteca José Saramago) 
545 0 |a El escritor portugués José de Sousa Saramago (Azinhaga, Portugal, 1922 - Lanzarote, España, 2010) es considerado de los más importantes narradores de finales del siglo XX y en inicios del siguiente. Su obra anclada en la realidad de su país, trasciende al mismo para ofrecer por medio de la ironía y la ficción una conciencia social. Merecedor del Premio Luis de Camões en 1995, el más importante en lengua portuguesa y del Premio Nobel de Literatura de 1998. Fue periodista y miembro del Partido Comunista Portugués, sufrió censura y persecución durante los años de la dictadura de Salazar y se sumó a la llamada Revolución de los Claveles que llevó la democracia a Portugal en 1974. Su primer novela Tierra de pecado (1947) marcó el inicio de su carrera literaria, que la dejó hasta publicar en 1977 Manual de pintura y caligrafía; le siguen Alzado del suelo (1980), Memorial del convento (1982), El año de la muerte de Ricardo Reis (1984), El evangelio según Jesucristo (1991), publicación que causó polémica en los sectores católicos y en el gobierno portugués; Ensayo sobre la ceguera (1995), La caverna (2000), El hombre duplicado (2002), Ensayo sobre la lucidez (2004), El viaje del elefante (2008) y Caín (2009), entre otras. 
586 |a Premio Camões 1995 
586 |a Premio Nobel de Literatura 1998 
649 |a XX 
650 |a Dobles en la Literatura 
650 |a Novela Portuguesa 
650 |a Literatura Portuguesa -  |y Siglo XXI 
650 |a Identidad Personal -  |x Tema Principal 
700 |a Río, Pilar del  |e (traducción) 
910 |a Fondo General 
920 |a Impresos - Libros 
930 |a Colección General 
940 |a Literatura 
905 |a 101 
901 |a 0500076265  |b IT1  |c LIT  |u 20250521 
902 |a https://opac.biblio.iteso.mx/vufind/Record/000146714